| 000 | 00654cam a2200193 a 4500 | ||
|---|---|---|---|
| 001 | 000001031 | ||
| 005 | 20200929145453.0 | ||
| 008 | 730102s1952 nyuacj b 000 0beng | ||
| 040 |
_aDO-SdBNP _bspa _cBNPHU |
||
| 082 |
_a823.8 _bD548J |
||
| 100 | 1 |
_aJohnson, Edgar _93563 |
|
| 245 | 1 | 0 |
_aCharles Dickens : _bhis tragedy and triumph / _cEdgar Johnson. |
| 260 |
_aNew York : _bSimon and Schuster, _c1952. |
||
| 300 |
_av. : _bil. , retrs. ; _c22 cm. |
||
| 505 | 2 | _av.1. [1812-1846] | |
| 600 | 1 | 0 |
_aDICKENS, CHARLES, _d1812-1870 _xBIOGRAFÍA _93564 |
| 650 | 4 |
_aNovela inglesa _xHistoria y crítica _ySIGLO XIX _93565 |
|
| 650 | 4 |
_aLiteratura inglesa _ySIGLO XIX _93566 |
|
| 999 |
_c1007 _d1007 |
||